000
00314nam a22001337a 4500
008
171102b xxu||||| |||| 00| 0 eng d
020
_a
2900495095698
041
_a
eng
080
_2
9TH
_a
339.138
100
_a
60
101
_a
MAR
245
_a
CREATIVE STRATEGY IN ADVERTISING
_c
DREWNIANY,B.L
942
_2
udc
_c
BK
999
_c
37419
_d
37419